00882cam a22002531 4500001001300000003000400013005001700017008004100034010001700075035002000092040001800112050002200130100004500152245003400197260001100231300001900242500001700261500017600278500001700454650003200471700004600503700006200549999001700611sa 68015762 DLC20260227112646.0890717s1964 ii 000 0 sano  asa 68015762  a(OCoLC)20020547 aDLCcWaUdDLC00aPK541b.N335 19640 aNāgeśabhaṭṭa,dactive 1670-1750.10aParibhāṣenduśekharaḥ. c[1964] a339 p.c25 cm. aCover title. aIncludes two commentaries, Bhūti, by Ramkrishna Shastri Patwardhan, and Tattvaprakāśikā, by Gaṇapatiśāstrī Mokāte, the latter a commentary on the former. aIn Sanskrit. 0aSanskrit languagexGrammar.1 aPatwardhan, Ramkrishna Shastri.tBhūti.1 aMokāte, Gaṇapatiśāstrī.tTattvaprakāśikā. c86666d86666